Mastering Windows SharePoint Services 3.0 -(E-BOOK) (Record no. 192791)
[ view plain ]
| 000 -LEADER | |
|---|---|
| fixed length control field | 01240 a2200277 4500 |
| 003 - CONTROL NUMBER IDENTIFIER | |
| control field | Nust |
| 005 - DATE AND TIME OF LATEST TRANSACTION | |
| control field | 20170207154044.0 |
| 010 ## - LIBRARY OF CONGRESS CONTROL NUMBER | |
| LC control number | 2007032142 |
| 020 ## - INTERNATIONAL STANDARD BOOK NUMBER | |
| International Standard Book Number | 0470127287 |
| 020 ## - INTERNATIONAL STANDARD BOOK NUMBER | |
| International Standard Book Number | 9780470127285 (paper/website) |
| 035 ## - SYSTEM CONTROL NUMBER | |
| System control number | (OCoLC)ocn165081894 |
| 040 ## - CATALOGING SOURCE | |
| Transcribing agency | Nust |
| 082 00 - DEWEY DECIMAL CLASSIFICATION NUMBER | |
| Classification number | 004.682 |
| 100 1# - MAIN ENTRY--PERSONAL NAME | |
| Personal name | Callahan, C. A., |
| 245 10 - TITLE STATEMENT | |
| Title | Mastering Windows SharePoint Services 3.0 -(E-BOOK) |
| Statement of responsibility, etc. | C.A. Callahan. |
| 260 ## - PUBLICATION, DISTRIBUTION, ETC. | |
| Place of publication, distribution, etc. | Indianapolis, Ind. : |
| Name of publisher, distributor, etc. | Wiley Pub., |
| Date of publication, distribution, etc. | c2008. |
| 300 ## - PHYSICAL DESCRIPTION | |
| Extent | xxxiii, 1067 p. : |
| Other physical details | ill. ; |
| Dimensions | 24 cm. |
| 440 #0 - SERIES STATEMENT/ADDED ENTRY--TITLE | |
| Title | Serious skills |
| 505 ## - FORMATTED CONTENTS NOTE | |
| Formatted contents note | Part I. Preparing for Windows SharePoint Services 3.0 (page-1), Part II. Using Windows SharePoint Services 3.0 (page-133), Part III. administering Windows SharePoint Services 3.0 (page-563), Part IV. Special Topics in Windows SharePoint Services 3.0 (page-805). |
| 650 #0 - SUBJECT ADDED ENTRY--TOPICAL TERM | |
| Topical term or geographic name entry element | Intranets (Computer networks) |
| 650 #0 - SUBJECT ADDED ENTRY--TOPICAL TERM | |
| Topical term or geographic name entry element | Web servers. |
| 651 ## - SUBJECT ADDED ENTRY--GEOGRAPHIC NAME | |
| Geographic name | E-BOOK |
| 856 42 - ELECTRONIC LOCATION AND ACCESS | |
| Materials specified | Contributor biographical information |
| Uniform Resource Identifier | <a href="http://www.loc.gov/catdir/enhancements/fy0806/2007032142-b.html">http://www.loc.gov/catdir/enhancements/fy0806/2007032142-b.html</a> |
| 856 42 - ELECTRONIC LOCATION AND ACCESS | |
| Materials specified | Publisher description |
| Uniform Resource Identifier | <a href="http://www.loc.gov/catdir/enhancements/fy0741/2007032142-d.html">http://www.loc.gov/catdir/enhancements/fy0741/2007032142-d.html</a> |
| 856 42 - ELECTRONIC LOCATION AND ACCESS | |
| Materials specified | Table of contents only |
| Uniform Resource Identifier | <a href="http://www.loc.gov/catdir/enhancements/fy0741/2007032142-t.html">http://www.loc.gov/catdir/enhancements/fy0741/2007032142-t.html</a> |
| 942 ## - ADDED ENTRY ELEMENTS (KOHA) | |
| Source of classification or shelving scheme | |
| Koha item type | Book |
| Withdrawn status | Lost status | Source of classification or shelving scheme | Damaged status | Not for loan | Collection code | Permanent Location | Current Location | Date acquired | Total Checkouts | Full call number | Barcode | Date last seen | Price effective from | Koha item type |
|---|---|---|---|---|---|---|---|---|---|---|---|---|---|---|
| Military College of Signals (MCS) | Military College of Signals (MCS) | 12/12/2016 | 004.682 CAL | MCSEB-2306 | 12/08/2016 | 12/12/2016 | Book |
